|
|
|
|
| LEADER |
00000nab a2200000 ar4500 |
| 001 |
vtls010265036 |
| 003 |
SK-MaSNL |
| 005 |
20260318121955.0 |
| 008 |
110318c2011 xo |||||||b| |000 b|hun |
| 015 |
|
|
|a SNBRB2011/03
|2 snkbucl
|
| 038 |
|
|
|a SNKBUCL
|
| 040 |
|
|
|a DSZK
|b slo
|c DSZK
|e AACR2
|
| 041 |
0 |
|
|a hun
|
| 044 |
|
|
|a xo
|c SK
|
| 080 |
|
|
|a 82:929:821.511.141 (437.6)
|2 1997
|
| 080 |
|
|
|a 378.124
|2 1997
|
| 080 |
|
|
|a 821.511.141 (437.6):929
|2 1997
|
| 080 |
|
|
|a 929 Alabán, Ferenc
|2 1997
|
| 100 |
1 |
|
|a Németh, Zoltán,
|d 1970-
|4 aut
|9 102330
|
| 245 |
1 |
0 |
|a A szlovákiai magyar irodalomtudomány önreprezentációs lehetőségei
|b gondolatok a hatvanéves Alabán Ferenc köszöntése kapcsán
|c Németh Zoltán
|
| 504 |
|
|
|a Bibliogr. odkazy
|
| 600 |
1 |
7 |
|a Alabán, František,
|d 1951-
|2 snkbucl
|9 50268
|
| 655 |
|
7 |
|a zdravice
|2 snkbucl
|9 309719
|
| 773 |
0 |
|
|t Irodalmi szemle
|g Évf. LIV, sz. 2 (2011), o. 73-76
|x 1336-5088
|
| 852 |
|
|
|a SNK
|b KIS3GCP
|
| 852 |
|
|
|a DSZK
|b KIS3GCP
|
| 958 |
|
|
|a HU
|
| 958 |
|
|
|a SK
|
| 958 |
|
|
|a LX
|
| 958 |
|
|
|a NB
|
| 999 |
|
|
|c 3175234
|d 3177164
|